000 01139nam a2200337 i 4500
001 bg
003 KOSZ 005
005 20211020150717.0
008 970510s1994 pl |000 0 pol
015 _aPB 1994/10972
020 _a8390087278
035 _a(OCoLC)69604432
040 _aWA N
_cKOSZ 005/HR
_dKOSZ 005/HR
041 0 _apol
_beng
_bger
046 _k1994
080 _a349.6(438)
100 1 _aPaczuski, Ryszard
_d(1929- )
_eAutor
245 1 0 _aPrawo ochrony środowiska /
_cRyszard Paczuski.
250 _aStan prawny na dzień 30 czerwca 1994 r.
260 _aBydgoszcz :
_b"Branta",
_c1994.
300 _a451, [1] s. ;
_c24 cm.
380 _aKsiążki.
504 _aBibliogr. s. 423-425, podstawy prawne s. 427-435.
546 _aStreszcz. ang., niem.
650 4 _aPrawo ochrony środowiska
_zPolska.
658 _aOchrona środowiska
658 _aPrawo i wymiar sprawiedliwości
710 2 _aAgencja Marketingowa, Oficyna Wydawnicza Branta
_4pbl.
856 _uhttp://koha.tu.koszalin.pl/cgi-bin/koha/opac-detail.pl?biblionumber=30190
_yKatalog online BPK
942 _2UKD
_cKS
999 _c30190
_d30190